<?xml version="1.0" encoding="UTF-8"?>
<collection xmlns="http://www.loc.gov/MARC21/slim">
 <record>
  <leader>02485nam a2200241 a 4500</leader>
  <controlfield tag="001">TVCDKTCT9228</controlfield>
  <controlfield tag="003">Thư viện trường Cao đẳng Kỹ thuật Cao Thắng</controlfield>
  <controlfield tag="005">20080428000000</controlfield>
  <controlfield tag="008">080428</controlfield>
  <datafield tag="980" ind1="\" ind2="\">
   <subfield code="a">Thư viện Trường CĐ Kỹ Thuật Cao Thắng</subfield>
  </datafield>
  <datafield tag="024" ind1=" " ind2=" ">
   <subfield code="a">RG_1 #1 eb0 i1</subfield>
  </datafield>
  <datafield tag="041" ind1="0" ind2="#">
   <subfield code="a">vie</subfield>
  </datafield>
  <datafield tag="082" ind1="#" ind2="#">
   <subfield code="a">891.7 / </subfield>
   <subfield code="b">ANN100K-l</subfield>
  </datafield>
  <datafield tag="100" ind1="1" ind2="#">
   <subfield code="a">Nhị Ca</subfield>
  </datafield>
  <datafield tag="245" ind1="0" ind2="0">
   <subfield code="a">Anna Karenina /</subfield>
   <subfield code="c">Nhị Ca, Tolstoy Leo, Dương Tường</subfield>
  </datafield>
  <datafield tag="250" ind1="#" ind2="#">
   <subfield code="a">In lần thứ 1</subfield>
  </datafield>
  <datafield tag="260" ind1="#" ind2="#">
   <subfield code="a">H. :</subfield>
   <subfield code="b">Văn học ,</subfield>
   <subfield code="c">2008</subfield>
  </datafield>
  <datafield tag="300" ind1="#" ind2="#">
   <subfield code="a">1102tr. ;</subfield>
   <subfield code="c">21cm</subfield>
  </datafield>
  <datafield tag="520" ind1="#" ind2="#">
   <subfield code="a">LeoTolxtoi (1828 - 1910) là một trong những nhà văn cổ điển lớn nhất nước Nga, đã viết nhiều tác phẩm nổi tiếng như Truyện kể về Xevaxtopol, Luyxerno, Chiến tranh và hòa bình, Anna Carenina, Cái chết của  Ivan Illitr, Phục sinh... Lê Nin đã gọi Tolxtoi là &quot; Tấm gương soi của cách mạng Nga&quot; . Trong Anna Carenina, chúng ta sẽ thấy lại bức tranh xã hội chân thực và sinh động cả một giai đoạn lịch sử nứớc Nga vào giữa thế kỷ XIX, sau giải phóng nông nô. Ngòi bút nghệ thuật điêu luyện, nghiêm khắc đã vạch trần bộ mặt xấu xa của chế độ phong kiến chuyên chế sa hoàng Nga; những tư tửơng nguyện vọng, ưu điểm, nhựơc điểm của nông dân cùng phong trào cách mạng của họ đã gián tiếp đi vào cuốn tiểu thuyết.  Thông qua cuộc ngoại tình éo le và cái chết bi thảm của Anna Carenina tác giả cho thấy những cách nhìn khác nhau về tình yêu, hôn nhân, gia đình, phơi trần nhiều bộ mặt xấu xa của lối sống quý phái, xa hoa, lừơi biếng, vợ chồng lừa dối nhau, bạn bè ghen ghét...Chính hiện thực phê phán của Tolxtoi , cây bút biết gắn liền nghệ thuật thời đại để phản ánh đấu tranh xã hội, đã khiến Lê Nin viết nhiều bài phê bình nổi tiếng về Tolxtoi, đặt nền móng cho khoa phê bình Mác - Lênin.</subfield>
  </datafield>
  <datafield tag="650" ind1="#" ind2="4">
   <subfield code="a">Văn học Nga</subfield>
  </datafield>
  <datafield tag="650" ind1="#" ind2="4">
   <subfield code="a">Tiểu Thuyết--Nga</subfield>
  </datafield>
  <datafield tag="700" ind1="0" ind2="#">
   <subfield code="a">Tolstoy Leo</subfield>
  </datafield>
  <datafield tag="700" ind1="0" ind2="#">
   <subfield code="a">Dương Tường</subfield>
  </datafield>
 </record>
</collection>
